000 01123nam2a2200205 4500
001 RU\NLR\PER_A\002634915_002430
005 20250624043709.0
035 _a(NLR Aleph) 012475053
090 _a12099660
_c12099660
100 _a20210315d2020 |||y0rusy50 ca
101 0 _arus
102 _aRU
200 0 _aТ. 29, № 6 (с указ.)
210 _d2020
_aБ. м.
461 0 _1001RU\NLR\INFOCOMM6\1000473248
_12001#$aПожаровзрывобезопасность$dFire & explosion safety$eНауч.-техн. журн. Ассоц. "Пожнаука" и ВНИИПО МВД РФ$fАссоц. "Пожар. безопасность и наука". Пожнаука$zeng$vТ. 29, № 6 (с указ.)
_93734402
_cБалашиха-6
_d1992 -
_fАссоц. "Пожар. безопасность и наука". Пожнаука
_lFire & explosion safety
_oНауч.-техн. журн. Ассоц. "Пожнаука" и ВНИИПО МВД РФ
_tПожаровзрывобезопасность
_x0869-7493
_vТ. 29, № 6 (с указ.)
852 _aNLR
_jП11/3594
942 _cISSUE
980 _aNB
980 _aRUSPER